Quick Pick: Minecraft Weapons Quiz Stats

 Plays Quiz Updated Jun 28, 2019

Score 0/10 Timer 00:45
25 Plays Today
% Correct
Axe
94.2%
Arrows
93.4%
Bow
93.2%
Sword
92.3%
Damage Potions
88.4%
Eggs
87%
Snowballs
86.2%
Fire Charges
85.2%
Crossbow
84.6%
Trident
80.2%

Today's Daily Dose

Missing Word
Sherlocks

Word Ladder
King of the Hill

Quick Pick
Songs in Pink

Get the Picture
NBA Teammates

You're not logged in!

Compare scores with friends on all Sporcle quizzes.
OR
Log In

Sporcle TV

Today on Sporcle TV


Watch our educational content, quiz creation guides, and fun videos on Sporcle TV.

Show Comments

Extras

Top Quizzes Today


Score Distribution

Your Account Isn't Verified!

In order to create a playlist on Sporcle, you need to verify the email address you used during registration. Go to your Sporcle Settings to finish the process.

Report this User

Report this user for behavior that violates our Community Guidelines.

Details: